Spoleczno-ekonomiczne czynniki warunkujace migracje osób w starszym wieku w Polsce

Na minha lista:
Detalhes bibliográficos
Autor principal: Stolarczyk, Krystyna
Formato: Livro
Idioma:polonês
Publicado em: Warszawa Szkola Glówna planowania i statystyki 1985
Edição:1. wyd.
Tags: Adicionar Tag
Sem tags, seja o primeiro a adicionar uma tag!

MARC

LEADER 00000nam a2200000 4500
001 c028264
005 20221220082337.8
041 0 |a pol 
044 |a PL 
245 1 0 |a Spoleczno-ekonomiczne czynniki warunkujace migracje osób w starszym wieku w Polsce  |c Krystyna Stolarczyk 
250 |a 1. wyd. 
264 1 |a Warszawa  |b Szkola Glówna planowania i statystyki  |c 1985 
300 |a 210 s. 
100 1 |a Stolarczyk, Krystyna